[Event "Wch U20"]
[Site "Yerevan"]
[Date "2000.09.30"]
[Round "11"]
[White "Varela, Gaston"]
[Black "Kruger, Peter Helentus"]
[Result "1-0"]
[WhiteElo "2249"]
[BlackElo "2085"]
[PlyCount "179"]
[EventDate "2000.09.02"]
[EventType "swiss"]
[EventRounds "13"]
[EventCountry "ARM"]
[SourceTitle "CBM 078 Extra"]
[Source "ChessBase"]
[SourceDate "2000.11.10"]
[SourceVersion "1"]
[SourceVersionDate "2000.11.10"]
[SourceQuality "1"]

1. d4 e6 2. c4 b6 3. Nc3 Bb7 4. Nf3 f5 5. g3 Nf6 6. Bg2 Bb4 7. Qb3 Be7 8. d5 Na6 9. 0-0 Nc5 10. Qc2 0-0 11. Nd4 Qe8 12. b4 Nce4 13. Ncb5 Qh5 14. f3 Ng5 15. h4 Nf7 16. dxe6 Nd6 17. exd7 Nxb5 18. cxb5 Nd5 19. Ne6 Rf6 20. Nf4 Qf7 21. Nxd5 Qxd5 22. Bg5 Qxd7 23. Bxf6 Bxf6 24. Rad1 Qxb5 25. Qxc7 Ba6 26. Qd7 Qxd7 27. Rxd7 f4 28. gxf4 Bxh4 29. Rc1 Bb5 30. Rdc7 Bxe2 31. Bf1 Bxf3 32. Bg2 Bxg2 33. Rc8+ Rxc8 34. Rxc8+ Kf7 35. Kxg2 a5 36. b5 Bf6 37. Kf3 Bd4 38. Ke4 Bf2 39. Kf5 Be3 40. Rc7+ Kg8 41. Ke6 h6 42. Kf5 Kh7 43. Kg4 Kg6 44. f5+ Kf6 45. Rc6+ Kf7 46. Kf3 Bg1 47. Rc1 Bd4 48. Ke4 Bf2 49. Rc2 Bg3 50. Rg2 Bd6 51. Rd2 Bg3 52. Rd7+ Kf6 53. Rb7 Bf2 54. Rc7 Bg1 55. Rc6+ Kf7 56. Kf4 Bh2+ 57. Kg4 Bg1 58. Kh5 Be3 59. a4 Bd4 60. f6 gxf6 61. Kxh6 Be3+ 62. Kh5 Bf2 63. Rc7+ Ke6 64. Kg6 Bd4 65. Rc6+ Kd5 66. Kf5 Bc5 67. Kxf6 Kc4 68. Ke5 Kb4 69. Kd5 Bg1 70. Rc4+ Kb3 71. Rg4 Bf2 72. Kc6 Bc5 73. Kb7 Bf2 74. Ka6 Bc5 75. Rg5 Bf2 76. Rg6 Kxa4 77. Rxb6 Bxb6 78. Kxb6 Kb4 79. Kc6 a4 80. b6 a3 81. b7 Kb3 82. b8Q+ Kc2 83. Qe5 Kb1 84. Qe1+ Kb2 85. Qd2+ Kb1 86. Kb5 a2 87. Kb4 a1Q 88. Kb3 Qc3+ 89. Kxc3 Ka1 90. Qb2# 1-0

[Event "Wch U20"]
[Site "Yerevan"]
[Date "2000.09.26"]
[Round "8"]
[White "Kruger, Peter Helentus"]
[Black "Felgaer, Ruben Alejandro"]
[Result "1-0"]
[WhiteElo "2085"]
[BlackElo "2390"]
[PlyCount "101"]
[EventDate "2000.09.02"]
[EventType "swiss"]
[EventRounds "13"]
[EventCountry "ARM"]
[SourceTitle "CBM 078 Extra"]
[Source "ChessBase"]
[SourceDate "2000.11.10"]
[SourceVersion "1"]
[SourceVersionDate "2000.11.10"]
[SourceQuality "1"]

1. e4 c5 2. b3 d6 3. Bb2 Nf6 4. Nc3 Nc6 5. Bb5 Bd7 6. Bxc6 Bxc6 7. Qe2 e5 8. f3 Be7 9. Qf2 b5 10. Nge2 0-0 11. Ng3 Re8 12. Nf5 Bf8 13. g4 b4 14. Ne2 g6 15. Nfg3 d5 16. g5 Nd7 17. h4 c4 18. h5 Qxg5 19. hxg6 fxg6 20. Qh2 Qe7 21. 0-0-0 Nf6 22. Rdg1 Bg7 23. f4 h6 24. Nf5 gxf5 25. exf5 c3 26. dxc3 bxc3 27. Bxc3 d4 28. Bb4 Qf7 29. Rxg7+ Qxg7 30. Rg1 Ng4 31. Qh3 h5 32. Ng3 Nf6 33. Qh2 Ng4 34. Qh4 Bf3 35. Nxh5 Qh6 36. Bd2 e4 37. Rxg4+ Bxg4 38. Nf6+ Kg7 39. Nxe8+ Rxe8 40. Qxg4+ Kh8 41. f6 e3 42. Bb4 Qh7 43. f5 e2 44. Qxd4 Kg8 45. Qc4+ Qf7 46. Qg4+ Kh7 47. Qh4+ Kg8 48. Kb2 a6 49. Bd2 Rd8 50. Qg4+ Kh7 51. Qxe2 1-0

[Event "Wch U20"]
[Site "Yerevan"]
[Date "2000.09.19"]
[Round "2"]
[White "Kruger, Peter Helentus"]
[Black "Saric, Ibro"]
[Result "1-0"]
[WhiteElo "2085"]
[BlackElo "2345"]
[PlyCount "57"]
[EventDate "2000.09.02"]
[EventType "swiss"]
[EventRounds "13"]
[EventCountry "ARM"]
[SourceTitle "CBM 078 Extra"]
[Source "ChessBase"]
[SourceDate "2000.11.10"]
[SourceVersion "1"]
[SourceVersionDate "2000.11.10"]
[SourceQuality "1"]

1. e4 c5 2. Nc3 d6 3. g3 Nc6 4. Bg2 g6 5. d3 Bg7 6. Nh3 e6 7. 0-0 Nge7 8. Be3 0-0 9. Qd2 Rb8 10. Rae1 b5 11. f4 b4 12. Nd1 Qa5 13. g4 f5 14. gxf5 exf5 15. e5 d5 16. c4 d4 17. Bf2 Qxa2 18. Bh4 h6 19. Bf3 Kh7 20. Qg2 Qb3 21. Ndf2 Rb6 22. Kh1 Rg8 23. Bf6 Rf8 24. Bxc6 Bxf6 25. exf6 Nxc6 26. Ng5+ Kh8 27. Nf7+ Kh7 28. Rg1 Rg8 29. Nxh6 1-0